| 000 | 007070000a22002290004500 | ||
|---|---|---|---|
| 003 | LK-CoMWRAF | ||
| 005 | 20231122104956.0 | ||
| 008 | 230817t1986 ||||| |||| 00| 0 eng d | ||
| 020 | _a0671630709 | ||
| 040 |
_aLK-CoMWRAF _dLK-CoMWRAF _eLK-CoMWRAF |
||
| 041 | _aeng | ||
| 082 |
_a305.42 _bSEA |
||
| 100 | _aSeager, Joni | ||
| 245 |
_aWomen in the world : _ban international atlas |
||
| 260 |
_aNew York: _bSimon & Schuster, _c1986 |
||
| 300 |
_a1 atlas (128 p.) : col. ill., col. maps ; 26 cm. _bBibliography and index included |
||
| 650 | _aWomen--Social conditions--Maps. | ||
| 650 | _aWomen--Economic conditions--Maps. | ||
| 700 | _aOlson, Ann | ||
| 700 |
_aKidron, Michael _eed. |
||
| 942 | _cBK | ||
| 999 |
_c1714 _d1714 |
||